CSGO top 4 each event 2022 - Statistics

General Stats
  • This quiz has been taken 214 times
  • The average score is 68 of 109
Answer Stats
Answer % Correct
Faze
96%
Navi
95%
G2
93%
Vitality
91%
Heroic
89%
Cloud9
86%
ENCE
86%
Outsiders
84%
Astralis
82%
Liquid
82%
NiKo
80%
ropz
80%
broky
79%
FURIA
79%
karrigan
79%
NIP
79%
rain
79%
s1mple
79%
Twistzz
79%
electroNic
77%
huNter
77%
MOUZ
77%
b1t
75%
cadiaN
75%
jks
75%
Perfecto
75%
Boombl4
73%
jabbi
73%
mONESY
73%
stavn
73%
ZywOo
73%
dupreeh
71%
Jame
71%
Magisk
71%
Spirit
71%
TeSeS
71%
Aleksib
70%
apEX
70%
OG
70%
sh1ro
70%
sjuush
70%
Spinx
70%
Ax1Le
68%
HObbit
68%
HooXi
68%
NAF
68%
nafany
68%
nitr0
68%
BIG
66%
EliGE
66%
frozen
66%
nexa
66%
Qikert
66%
arT
64%
sdy
64%
Xyp9x
64%
yuurih
64%
blameF
63%
fame
63%
FL1T
63%
gla1ve
63%
JACKZ
63%
KSCERATO
63%
oSee
63%
Snappi
63%
Brollan
61%
Maden
61%
degster
59%
drop
59%
dycha
59%
Movistar Riders
59%
YEKINDAR
59%
REZ
57%
SunPayus
57%
chopper
55%
flameZ
55%
hades
55%
k0nfig
55%
magixx
55%
refrezh
55%
saffee
55%
tabseN
55%
torzsi
55%
dexter
54%
interz
54%
Snax
52%
n0rb3r7
50%
syrsoN
50%
xertioN
50%
JDC
48%
hampus
46%
misutaaa
46%
F1KU
43%
s1ren
43%
Krimbo
41%
Patsi
41%
es3tag
38%
Plopski
38%
tiziaN
38%
k1to
36%
alex
34%
faveN
34%
NEOFRAG
30%
Farlig
29%
mopoz
29%
dav1g
25%
DeathZz
21%
phzy
13%
No matching quizzes found
Score Distribution
Percent of People with Each Score
Percentile by Number Answered
Your Score History
You have not taken this quiz